00479nam a22001577a 450000500170000001000150001702000110003203500140004303700130005708200120007024501040008226000370018627000540022330000200027770000240029720171017140516.0 aENG-120870 c550.00 aEn-104402 bDBAD/PUB a370.954 aQuest for excellence :cedited by D. P. Chattopadhyayab the volume in honour of sri kireet joshi / aNew DelhibRicha prakashanc2000 aA-2, Ring Road, south Extn.-1,bNew Delhie110049 a379p.c24cm(Hb) aD.P. chattopadhyaya